Zmeny zloženia kompozitného predstihového indikátora Slovenska v čase
Prehľad súčasných prístupov k tvorbe kompozitného predstihového indikátora pre Slovensko. Porovnanie prístupov k tvorbe kompozitného predstihového indikátora pre Slovensko. Návrh kompozitného predstihového indikátora na sledovanie slovenského hospodárskeho cyklu a overenie, či v čase dochádza k zmen...
Gespeichert in:
| 1. Verfasser: | |
|---|---|
| Weitere Verfasser: | |
| Format: | Buchkapitel |
| Sprache: | Slowakisch |
| Schlagworte: | |
| Tags: |
Keine Tags, Fügen Sie das erste Tag hinzu!
|
MARC
| LEADER | 00000nla a2200000 4500 | ||
|---|---|---|---|
| 001 | 0237060 | ||
| 005 | 20240417075128.6 | ||
| 041 | 0 | |a slo | |
| 044 | |a CZ | ||
| 245 | 1 | 0 | |a Zmeny zloženia kompozitného predstihového indikátora Slovenska v čase |c Andrea Tkáčová, Veronika Kišová |
| 520 | |a Prehľad súčasných prístupov k tvorbe kompozitného predstihového indikátora pre Slovensko. Porovnanie prístupov k tvorbe kompozitného predstihového indikátora pre Slovensko. Návrh kompozitného predstihového indikátora na sledovanie slovenského hospodárskeho cyklu a overenie, či v čase dochádza k zmenám jeho zloženia. | ||
| 610 | 2 | 0 | |a cykly hospodárske |
| 610 | 2 | 0 | |a Slovensko |
| 610 | 2 | 0 | |a produkt domáci hrubý |
| 610 | 2 | 0 | |a politika hospodárska |
| 610 | 2 | 0 | |a indexy |
| 100 | 1 | |a Tkáčová, Andrea | |
| 700 | 1 | |a Kišová, Veronika | |